000 01115nam0a2200313 4500
001 RU\NLR\BIBL_A\012654582
005 20220215180010.0
010 _a978-5-17-137001-5
_97000
021 _aRU
_bКН-П-21-051336
_9КН-П-21-4034
035 _a(NLR Aleph) 012654582
090 _a12736676
_c12736676
100 _a20211130d2021 u y0rusy50 ca
101 1 _arus
_ceng
102 _aRU
105 _ay|||z|||000ay
181 0 _ai4
_baxxe
182 0 _an
200 1 _aИнформатор
_e[роман]
_fДжон Гришэм
_gперевод с английского А. Кабалкина
203 _aТекст
_bвизуальный
_cнепосредственный
210 _aМосква
_cАСТ
_d2021
215 _a383 с.
_d16
225 1 _aСерия "Отличные книги! Отличные цены!"
333 _a16+
686 1 _aШ6(7США)67-446{Лх1979-60}
700 1 _aГришэм
_bД.
_f1955-
_gДжон
_3RU\NLR\AUTH\7719823
942 _cBOOK
980 _aNB